Strategy (Record no. 565181)
[ view plain ]
| 000 -LEADER | |
|---|---|
| fixed length control field | 00261nam a2200109Ia 4500 |
| 008 - FIXED-LENGTH DATA ELEMENTS--GENERAL INFORMATION | |
| fixed length control field | 210430s9999 xx 000 0 und d |
| 082 ## - DEWEY DECIMAL CLASSIFICATION NUMBER | |
| Classification number | 355.48 H254S |
| 100 ## - MAIN ENTRY--PERSONAL NAME | |
| Personal name | B.H. Liddell Hart |
| 245 ## - TITLE STATEMENT | |
| Title | Strategy |
| Statement of responsibility, etc. | B.H. Liddell Hart |
| 300 ## - PHYSICAL DESCRIPTION | |
| Extent | 420 |
| 942 ## - ADDED ENTRY ELEMENTS (KOHA) | |
| Koha item type | Book |
| Source of classification or shelving scheme | |
| Withdrawn status | Lost status | Damaged status | Not for loan | Collection code | Permanent Location | Current Location | Shelving location | Date acquired | Total Checkouts | Full call number | Barcode | Date last seen | Date last checked out | Price effective from | Koha item type |
|---|---|---|---|---|---|---|---|---|---|---|---|---|---|---|---|
| School of Chemical & Materials Engineering (SCME) | School of Chemical & Materials Engineering (SCME) | General Stacks | 02/15/4 | 1 | 355.48 H254S | SCME-4469 | 03/02/2026 | 02/17/2026 | 04/30/2021 | Book |
